| 000 | 00676nam a22002297a 4500 | ||
|---|---|---|---|
| 005 | 20260515115026.0 | ||
| 008 | 240822b |||||||| |||| 00| 0 eng d | ||
| 020 | _a9789358491906 | ||
| 040 |
_aIN-DiNC _cIN-DiNC |
||
| 041 | _deng | ||
| 082 |
_a306.83 _bPAT |
||
| 100 |
_aPathak, Panchi _eauthor |
||
| 245 |
_aMarriage, family and kinship (GEC3)/ _cby Panchi Pathak, Moushumi Bordoloi and Dilip Kumar Bhuyan |
||
| 250 | _a1st ed. | ||
| 260 |
_aDibrugarh: _bBanalata, _c2024. |
||
| 300 | _a192p. | ||
| 650 | _aFamily and household | ||
| 650 | _aDescent and alliance | ||
| 700 |
_aBordoloi, Moushumi _eauthor |
||
| 700 |
_aBhuyan, Dilip Kumar _eauthor |
||
| 942 |
_2ddc _cBK |
||
| 999 |
_c11856 _d11856 |
||